[Event "IRI-ch U14"]
[Site "Chess.com INT"]
[Date "2021.01.16"]
[Round "6"]
[White "Daraei, Ali"]
[Black "Abbasi Monjezi, Reza"]
[Result "0-1"]
[WhiteElo "1214"]
[BlackElo "1515"]
[PlyCount "51"]
[EventDate "2021.01.16"]
[EventType "swiss"]
[EventRounds "11"]
[EventCountry "IRI"]
[SourceTitle "EXT 2022"]
[Source "ChessBase"]
[SourceDate "2021.10.06"]
[SourceVersion "1"]
[SourceVersionDate "2021.10.06"]
[SourceQuality "1"]

1. e4 e5 2. Nf3 Nf6 3. Nc3 Nc6 4. Bb5 Bc5 5. h3 a6 6. Ba4 0-0 7. d3 h6 8. a3 b5 9. Bb3 d6 10. Ba2 Be6 11. b3 Nd4 12. Bb2 Ba7 13. Nxd4 Bxd4 14. Qc1 Nh5 15. Qd1 Nf4 16. g3 Nxh3 17. Rh2 Qf6 18. Qe2 Ng1 19. Qh5 Nf3+ 20. Ke2 Nxh2 21. Qxh2 Bg4+ 22. Ke1 Qf3 23. Kd2 Bxf2 24. Kc1 Be3+ 25. Kb1 Qf1+ 26. Bc1 0-1

[Event "IRI-ch U14"]
[Site "Chess.com INT"]
[Date "2021.01.16"]
[Round "4"]
[White "Shakoori, Alireza"]
[Black "Abbasi Monjezi, Reza"]
[Result "1-0"]
[WhiteElo "1169"]
[BlackElo "1515"]
[PlyCount "83"]
[EventDate "2021.01.16"]
[EventType "swiss"]
[EventRounds "11"]
[EventCountry "IRI"]
[SourceTitle "EXT 2022"]
[Source "ChessBase"]
[SourceDate "2021.10.06"]
[SourceVersion "1"]
[SourceVersionDate "2021.10.06"]
[SourceQuality "1"]

1. d4 d5 2. c4 Nf6 3. cxd5 Nxd5 4. Nf3 g6 5. e4 Nf6 6. Nc3 Bg7 7. Be3 c6 8. Be2 0-0 9. 0-0 Nbd7 10. h3 b5 11. Qc2 Bb7 12. e5 Ne8 13. e6 fxe6 14. Ng5 Nc7 15. Bg4 e5 16. Rad1 Qe8 17. Qb3+ e6 18. Nxe6 Nxe6 19. Bxe6+ Kh8 20. Bxd7 Qxd7 21. dxe5 Qf5 22. f4 Bc8 23. Rd6 a6 24. g4 Qf6 25. exf6 Bxf6 26. Ne4 Bg7 27. Ng5 h6 28. Nf7+ Kh7 29. g5 h5 30. Nh6 Bxh3 31. Rf2 Rad8 32. Rxd8 Rxd8 33. Rd2 Re8 34. Qf7 Rf8 35. Qc7 Rc8 36. Qb7 Re8 37. Re2 Rd8 38. Rd2 Re8 39. Rd7 Bxd7 40. Qxd7 Rxe3 41. Qf7 Re1+ 42. Kf2 1-0